000
00313nam a22001337a 4500
008
181012b xxu||||| |||| 00| 0 eng d
020
_a
9780781718608
041
_a
eng
080
_2
4th
_a
610
100
_a
4
101
_a
SHM
245
_a
Studying a Study and Testing a Test
_c
Riegelman,R.K
942
_2
udc
_c
BK
999
_c
49561
_d
49561